| 000 | 00893nam a22002897a 4500 | ||
|---|---|---|---|
| 001 | 0074 | ||
| 003 | DO-SdBPM | ||
| 005 | 20250206084058.0 | ||
| 007 | 0074 | ||
| 008 | 151111b2004 sp | |||| 00| 0 spa d | ||
| 020 | _a8420401080 | ||
| 040 |
_aDO-SdBPM _bspa _cBPMSU |
||
| 082 | 4 |
_a823.91 _bB848c 2004 _222 |
|
| 100 | 1 |
_aBrezina, Thomas _d1963- |
|
| 245 | 1 | 3 |
_aLa cripta de los ovnis / _cThomas Brezina ; traducción Frank Schleper |
| 260 |
_aMadrid, España : _bAfaguara, _c2004 |
||
| 300 |
_a138 p. : _bil., ; _c18 cm. |
||
| 490 | 0 | _aEl club detective | |
| 590 | _aInventariado, 2025/VM | ||
| 650 | 4 | _aNovela juvenil australiana | |
| 650 | 4 | _aNovela de ciencia ficción | |
| 650 | 4 |
_aObjetos voladores no identificados _vNovela |
|
| 650 | 4 |
_aVida en otros planetas _vNovela |
|
| 700 | 1 |
_aSchleper, Frank, _3traductor |
|
| 910 | _aVMateo V. Control de calidad. BPMSU | ||
| 942 |
_2ddc _cBK |
||
| 999 |
_c8636 _d8636 |
||